| Tag |
First Indicator |
Second Indicator |
Subfields |
| LEADER |
00000cam a2200000 a 4500 |
| 001 |
in00000086329 |
| 005 |
20151008062648.0 |
| 008 |
820119s1980 enk b 10110 eng |
| 010 |
|
|
|a 81131451
|
| 015 |
|
|
|a GB***
|
| 020 |
|
|
|a 0901050776 :
|c 915.25
|
| 035 |
|
|
|a (OCoLC)07985087
|
| 035 |
|
|
|9 AAK0688AM
|
| 039 |
0 |
|
|a 2
|b 3
|c 3
|d 3
|e 3
|
| 040 |
|
|
|a DLC
|c DLC
|d TXA
|d UtOrBLW
|
| 043 |
|
|
|a e-uk---
|
| 049 |
|
|
|a TXAM
|c [1196981]
|
| 050 |
0 |
0 |
|a KD532 A75
|b E33 1977
|
| 082 |
0 |
|
|a 349.41
|a 344.1
|2 19
|
| 111 |
2 |
|
|a Edinburgh Legal History Conference
|d (1977)
|
| 245 |
1 |
0 |
|a Law-making and law-makers in British history :
|b papers presented to the Edinburgh Legal History Conference, 1977 /
|c edited by Alan Harding.
|
| 264 |
|
1 |
|a London :
|b Royal Historical Society,
|c 1980.
|
| 300 |
|
|
|a viii, 223 pages ;
|c 23 cm.
|
| 336 |
|
|
|a text
|b txt
|2 rdacontent
|
| 337 |
|
|
|a unmediated
|b n
|2 rdamedia
|
| 338 |
|
|
|a volume
|b nc
|2 rdacarrier
|
| 490 |
1 |
|
|a Studies in history series ;
|v no. 22
|
| 504 |
|
|
|a Includes bibliographical references and index.
|
| 650 |
|
0 |
|a Law
|z Great Britain
|x History
|x Congresses.
|
| 700 |
1 |
|
|a Harding, Alan.
|
| 710 |
2 |
|
|a Royal Historical Society (Great Britain)
|
| 830 |
|
0 |
|a Royal Historical Society studies in history ;
|v no. 22.
|
| 999 |
|
|
|a MARS
|
| 999 |
f |
f |
|s 49811b72-e617-3dc9-9bb5-4b86362d4cbd
|i e0dc93eb-a84e-3577-aefe-aa160d9c4856
|t 0
|
| 952 |
f |
f |
|p ric
|a Texas A&M University
|b Rellis Campus
|c Joint Library Facility
|d Remote Storage
|t 0
|e KD532 A75 E33 1977
|h Library of Congress classification
|i unmediated -- volume
|m A14805958289
|
| 998 |
f |
f |
|a KD532 A75 E33 1977
|t 0
|l Remote Storage
|